| 000 | 00526nam a22001697a 4500 | ||
|---|---|---|---|
| 082 |
_a297.124 _bNOM |
||
| 100 |
_aNumani, Mulana Muhammad Manzoor _951012 |
||
| 245 | _aمعارف الحدیث | ||
| 260 |
_aKarachi, _bDaraisha hat, _c2007. |
||
| 300 |
_a459p.572p.452p. _bVol 3 to 8 _c28cm. |
||
| 500 | _athree vol. | ||
| 526 |
_a0 _b0 _c0 _d297_124000000000000_NOM |
||
| 526 |
_a0 _b0 _c0 _d297_124000000000000_NOM |
||
| 526 |
_a0 _b0 _c0 _d297_124000000000000_NOM |
||
| 526 |
_a0 _b0 _c0 _d297_124000000000000_NOM |
||
| 942 |
_2ddc _cBK |
||
| 999 |
_c553746 _d553746 |
||